Inner Transition Metals - Statistics

General Stats
  • This quiz has been taken 12 times
  • The average score is 17 of 28
Answer Stats
Answer % Correct
americium
100%
berkelium
100%
californium
100%
einsteinium
100%
erbium
100%
europium
100%
nobelium
100%
plutonium
100%
uranium
100%
cerium
50%
curium
50%
fermium
50%
gadolinium
50%
holmium
50%
lawrencium
50%
lutetium
50%
mendelevium
50%
neptunium
50%
praseodymium
50%
promethium
50%
protactinium
50%
samarium
50%
terbium
50%
thorium
50%
ytterbium
50%
dysprosium
0%
neodymium
0%
thulium
0%
No matching quizzes found
Score Distribution
Percent of People with Each Score
Percentile by Number Answered
Your Score History
You have not taken this quiz